| 000 | 00418nam a22001457a 4500 | ||
|---|---|---|---|
| 005 | 20161027122407.0 | ||
| 008 | 161027b xxu||||| |||| 00| 0 eng d | ||
| 050 | _aHQ19.I214 | ||
| 100 |
_aHeine, E.W. _927066 |
||
| 245 |
_aDas Halsband der Taube _bRoman _cbyHeine, E.W. |
||
| 260 |
_aMunchen _bAlbrecht Knaus Verlag GmbH _c1994 |
||
| 300 |
_a382p.; _c19cm. |
||
| 650 |
_aLove _927067 |
||
| 942 |
_2lcc _cMONOGRAPH |
||
| 999 |
_c125602 _d125602 |
||